| 000 -LEADER |
| fixed length control field |
00899nam a2200265 a 4500 |
| 007 - PHYSICAL DESCRIPTION FIXED FIELD--GENERAL INFORMATION |
| fixed length control field |
ta |
| 008 - FIXED-LENGTH DATA ELEMENTS--GENERAL INFORMATION |
| fixed length control field |
790719r19781981xxkak 001 0 eng d |
| 040 ## - CATALOGING SOURCE |
| Original cataloging agency |
IMU Kochi Library |
| Language of cataloging |
eng |
| 041 0# - LANGUAGE CODE |
| Language code of text/sound track or separate title |
eng |
| 044 ## - COUNTRY OF PUBLISHING/PRODUCING ENTITY CODE |
| MARC country code |
United Kingdom |
| 082 04 - DEWEY DECIMAL CLASSIFICATION NUMBER |
| Edition number |
23 |
| Classification number |
623.88245 |
| Item number |
W774 |
| 110 2# - MAIN ENTRY--CORPORATE NAME |
| Corporate name or jurisdiction name as entry element |
International Chamber of Shipping |
| 245 10 - TITLE STATEMENT |
| Title |
International safety guide for oil tankers & terminals / |
| 260 ## - PUBLICATION, DISTRIBUTION, ETC. (IMPRINT) |
| Place of publication, distribution, etc |
London : |
| Name of publisher, distributor, etc |
Witherby Marine Publishing, |
| Date of publication, distribution, etc |
1978, reprinted 1981 |
| 300 ## - PHYSICAL DESCRIPTION |
| Extent |
xiii, 162 p. : |
| Other physical details |
ill., forms ; |
| Dimensions |
31 cm. |
| 500 ## - GENERAL NOTE |
| General note |
Includes index. |
| 650 #0 - SUBJECT ADDED ENTRY--TOPICAL TERM |
| Topical term or geographic name as entry element |
Tankers |
| General subdivision |
Safety measures. |
| 650 #0 - SUBJECT ADDED ENTRY--TOPICAL TERM |
| Topical term or geographic name as entry element |
Petroleum shipping terminals |
| General subdivision |
Safety measures. |
| 650 #0 - SUBJECT ADDED ENTRY--TOPICAL TERM |
| Topical term or geographic name as entry element |
Petroleum |
| General subdivision |
Transportation |
| -- |
Safety measures. |
| 710 2# - ADDED ENTRY--CORPORATE NAME |
| Corporate name or jurisdiction name as entry element |
Oil Companies International Marine Forum. |
| 852 ## - LOCATION/CALL NUMBER |
| Location |
IMU Kochi Library |
| 904 ## - LOCAL DATA ELEMENT D, LDD (RLIN) |
| CATALOGER |
Rudra Ranjan |
| 905 ## - LOCAL DATA ELEMENT E, LDE (RLIN) |
| VERIFIER |
Rudra Ranjan |
| 942 ## - ADDED ENTRY ELEMENTS (KOHA) |
| Item type |
Books |